000 00766nam a2200217 i 4500
001 bg
100 1 _aOSUCH, Bolesław
245 1 0 _aOpad netto w drzewostanie na tle właściwości retencyjnych powierzchni roślin /
_cBolesław Osuch.
260 _aKraków :
_bPK,
_c1994.
300 _a182, [2] s. :
_bfot., rys., wykr. ;
_c24 cm.
490 1 _aMonografia / Politechnika Krakowska im. Tadeusza Kościuszki,
_x0860-097X ;
_v166
504 _aBibliogr. s. 169-177.
650 9 _aOpady
_xhydrologia
_xpomiary
650 9 _aLas
_xhydrologia
_xbadanie
830 0 _aMonografia (Politechnika Krakowska im. Tadeusza Kościuszki) ;
_v166
040 _cBPK
041 0 _apl
_benfrru
080 _a556.1:630*1
942 _cKS
008 s pl f |000 0 pol
999 _c30249
_d30249
856 _uhttp://koha.tu.koszalin.pl/cgi-bin/koha/opac-detail.pl?biblionumber=30249
_yKatalog online BPK